| 000 | 00000nam 2200000zi 4500 |
| 001 | 9.951328 |
| 003 | CaOODSP |
| 005 | 20250530135333 |
| 006 | m o d f |
| 007 | cr mn||||||||| |
| 008 | 250523s1994 oncbo o f000 0 fre d |
| 040 | |aCaOODSP|bfre|erda|cCaOODSP |
| 043 | |an-cn-on |
| 086 | 1 |aA52-328/1994F-PDF |
| 245 | 00|aBanque canadienne de clones : |bCentre de recherches sur la lutte antiparasitaire Trenton (Ontario). |
| 264 | 1|aTrenton (Ontario) : |bAgriculture et agro-alimentaire Canada, Direction générale de la recherche, |c[1994?] |
| 300 | |a1 ressource en ligne (8 pages non numérotées) : |bcartes, photographies |
| 336 | |atexte|btxt|2rdacontent/fre |
| 337 | |ainformatique|bc|2rdamedia/fre |
| 338 | |aressource en ligne|bcr|2rdacarrier/fre |
| 500 | |aTitre de la couverture. |
| 500 | |aÉdition numérisée de l'imprimé [par Agriculture et agroalimentaire Canada]. |
| 500 | |aPublié aussi en anglais sous le titre : Canadian clonal genebank : Pest Management Research Centre, Trenton, Ontario. |
| 520 | |a« La Banque canadienne de clones a le mandat de protéger et de conserver la diversité génétique des cultures fruitières canadiennes et de leurs parents sauvages. Pour ce faire, elle voit à l'acquisition, au maintien et à l'évaluation des ressources phytogénétiques, ainsi qu'aux recherches et à la documentation dans ce domaine. Elle rassemble ainsi tous les éléments génétiques de base essentiels à la mise au point de nouvelles variétés végétales et à la réalisation d'études phytogénétiques au pays et à l'étranger » -- Mandat, page [4]. |
| 650 | 6|aFruits|zCanada|xGénétique. |
| 650 | 6|aCentres de recherche|zOntario|zTrenton. |
| 710 | 1 |aCanada. |bAgriculture et agroalimentaire Canada. |bDirection générale de la recherche, |eorganisme de publication. |
| 775 | 08|tCanadian clonal genebank : |w(CaOODSP)9.951326 |
| 856 | 40|qPDF|s9.00 Mo|uhttps://publications.gc.ca/collections/collection_2025/aac-aafc/A52-328-1994-fra.pdf |